| 000 | 00990nac a2200277 a 4500 | ||
|---|---|---|---|
| 003 | Co-PeBPM | ||
| 005 | 20260218092722.0 | ||
| 008 | 231129e2003||||ck a||||||||||||| ||spa|| | ||
| 020 | _a9789681668600 | ||
| 040 | 0 |
_aCo-PeBPM _bspa _cCo-PeBPM _erda |
|
| 041 | _aspa | ||
| 082 | 0 | 4 |
_a(i) 813 L675u _222 |
| 100 | 1 |
_aLewis, J. Patrick _eautor |
|
| 245 | 1 | 0 |
_aEl último refugio _c/ Lewis J. Patrick, ilustraciones Roberto Innocenti, traducción Andrea Fuentes Silva |
| 250 | _aprimera edición | ||
| 260 |
_aMéxico _b: Fondo de Cultura Económica _c, 2003 |
||
| 300 |
_a48 páginas _b: ilustraciones a color _c; 30,5 centímetros |
||
| 500 | _aIncluye índice. | ||
| 650 | 1 | 4 |
_aCuentos infantiles estadounidenses _2LEMB |
| 650 | 1 | 4 |
_aLibros ilustrados para niños _2LEMB |
| 650 | 1 | 4 |
_aPeligro Cuentos infantiles _2LEMB |
| 650 | 1 | 4 |
_aRefugios Cuentos infantiles _2LEMB |
| 700 |
_aFuentes Silva, Andrea _etraducción |
||
| 700 |
_aInnocenti, Roberto _eilustraciones |
||
| 942 |
_2ddc _cBK |
||
| 999 |
_c12615 _d12615 |
||